| 000 | 00781nam a22001935i 4500 | ||
|---|---|---|---|
| 001 | 169938 | ||
| 003 | ES-MaACL | ||
| 005 | 20250701211801.0 | ||
| 008 | 081222s1875 sp |||| | spa d | ||
| 100 | 1 |
_aGladstone, Willian Ewart. _9127343 |
|
| 245 | 1 | 4 |
_aLos decretos del Vaticano considerados en su influencia sobre la lealtad civil / _cpor W. E. Gladstone ; traducción española... de Víctor Oger. |
| 260 |
_aBarcelona : _b[s.n.], _c1875 ( _fNarciso Ramírez) |
||
| 300 |
_a62 p. ; _c21 cm. |
||
| 611 | 2 | 7 |
_aConcilio Vaticano _n(1º. _d1869-1870) _2 _9139116 |
| 650 | 1 | 4 |
_aPapas- _xInfalibilidad. _915820 |
| 700 | 1 |
_aOger, Víctor. _9139115 |
|
| 852 |
_aES-MaACL _jT-208-F-2 _z.- Dedicatoria manuscrita de Arturo Corbella a la biblioteca del Ateneo |
||
| 999 |
_c169938 _d169938 |
||